| 000 | 00769nam a2200229 a 4500 | ||
|---|---|---|---|
| 003 | MX-MxUPN | ||
| 005 | 20240806063757.0 | ||
| 008 | 991125s1938 mx a r 000 0 spa d | ||
| 035 | _aUPN01000012744 | ||
| 040 |
_aMX-MxUPN _bspa _cMX-MxUPN |
||
| 041 | 0 | _aspa | |
| 050 | 1 | 4 |
_aPQ7797 Y9 _bC8 |
| 100 | 1 |
_aYunque, Alvaro, _d1889-1982 _930338 |
|
| 245 | 1 | 0 | _aCuentos, fábulas y poemas |
| 260 |
_aMéxico : _bEl Nacional, _c1938. |
||
| 300 |
_a186 páginas : _bilustraciones |
||
| 490 | 0 | _aBiblioteca del maestro | |
| 650 | 4 |
_aCuentos argentinos _912203 |
|
| 710 | 2 |
_aMuseo Pedagógico Nacional (México) _951335 _epropietario anterior |
|
| 710 | 2 |
_aCentro Nacional de Documentación e Información Educativa (México) _951353 _epropietario anterior |
|
| 942 |
_2lcc _cLIBRO |
||
| 999 |
_c12744 _d12744 |
||